00477 2200169 4500245003800000020002200038250001200060700001800072100002000090005001900110260003700129041001400166084001100180300002500191500008200216336000900298 aDunia AnnacGaarder JosteinhText a978-979-433-842-1 aCet. 17 aIrwan Syahrir aGaarder Jostein a20230929090552 aBandungbMizan Media Utamac2019 aIndonesia a808.83 a244 hlm. :c20.5 cm. a"Nova sayang,aku tak tahu bagaimana rupa dunia saat kau membaca surat ini..." atext